[Event "Olympiad Women-40"]
[Site "Istanbul"]
[Date "2012.09.05"]
[Round "8.1"]
[White "Real Pereyra, Diana Carime"]
[Black "Lujan, Carolina"]
[Result "0-1"]
[WhiteElo "2075"]
[BlackElo "2368"]
[PlyCount "70"]
[EventDate "2012.08.28"]
[EventType "team-swiss"]
[EventRounds "11"]
[EventCountry "TUR"]
[SourceTitle "CBM 150 Extra"]
[Source "ChessBase"]
[SourceDate "2012.10.19"]
[SourceVersion "1"]
[SourceVersionDate "2012.10.19"]
[SourceQuality "1"]
[WhiteTeam "Mexico (W)"]
[BlackTeam "Argentina (W)"]
[WhiteTeamCountry "MEX"]
[BlackTeamCountry "ARG"]

1. e4 c5 2. Nf3 e6 3. Nc3 a6 4. d4 cxd4 5. Nxd4 b5 6. g3 Bb7 7. Bg2 Nf6 8. 0-0 b4 9. Na4 Bxe4 10. Bxe4 Nxe4 11. Re1 Nc5 12. c3 bxc3 13. Nxc3 a5 14. Nf5 Ra6 15. Bf4 d6 16. Nb5 e5 17. Qd5 Ne6 18. Rad1 Be7 19. Nbxd6+ Bxd6 20. Bxe5 0-0 21. Bxd6 Re8 22. Qb5 Rb6 23. Qe5 Nc6 24. Qc3 Qg5 25. Rd5 Rc8 26. Rc1 h6 27. h4 Qg4 28. Qd2 Kh7 29. Rxa5 Nxa5 30. Rxc8 Qxf5 31. b4 Nc6 32. Qe3 Ncd4 33. Be7 Rb7 34. Bd6 Rd7 35. Be5 Nf3+ 0-1